=LDR 00000nam 2200000 4500 =001 INLIS000000000005619 =005 20200409084116 =035 ##$$a 0010-061300000005619 =008 200409################g##########0#ind## =041 ##$$a Ind =082 ##$$a 220.07 =090 ##$$a 220.07, Mem m =245 ##$$a Memimpin kelompok penelaahan Alkitab : $b The Navigator /$c Penerjemah, Sri Wandaningsih. -- =260 ##$$a Jakarta :$b BPK gunung mulia,$c 1996 =300 ##$$a v, 65 hlm ; $c 14 x 21 cm =650 #4$$a Alkitab-Penelaahan =084 ##$$a 220.07 MEM =250 ##$$a Cet. 2 =020 ##$$a 979-415-348-6 =990 ##$$a DW00021921 =990 ##$$a 112. 658/Pb-97 =990 ##$$a 1199700285